PDO Margadarshi KPSC (Record no. 231021)
[ view plain ]
| 000 -LEADER | |
|---|---|
| fixed length control field | 01289nam a22002417a 4500 |
| 005 - DATE AND TIME OF LATEST TRANSACTION | |
| control field | 20240604084110.0 |
| 008 - FIXED-LENGTH DATA ELEMENTS--GENERAL INFORMATION | |
| fixed length control field | 240603b ||||| |||| 00| 0 eng d |
| 040 ## - CATALOGING SOURCE | |
| Transcribing agency | AL |
| 041 ## - LANGUAGE CODE | |
| Language code of text/sound track or separate title | Kannada |
| 082 ## - DEWEY DECIMAL CLASSIFICATION NUMBER | |
| Edition number | 23 |
| Classification number | 032.02K |
| Item number | GOWP |
| 100 ## - MAIN ENTRY--PERSONAL NAME | |
| Personal name | Rajesh Gowda T R |
| 100 ## - MAIN ENTRY--PERSONAL NAME | |
| 9 (RLIN) | 169139 |
| 100 ## - MAIN ENTRY--PERSONAL NAME | |
| 9 (RLIN) | 169134 |
| Dates associated with a name | ರಾಜೇಶ್ ಗೌಡ ಟಿ ಆರ್ |
| 245 ## - TITLE STATEMENT | |
| Title | PDO Margadarshi KPSC |
| Remainder of title | ಪಿಡಿಒ ಮಾರ್ಗದರ್ಶಿ ಕೆ ಪಿ ಎಸ್ ಸಿ |
| 260 ## - PUBLICATION, DISTRIBUTION, ETC. | |
| Place of publication, distribution, etc. | Bangalore |
| Name of publisher, distributor, etc. | Rajesh Gowda Publications |
| Date of publication, distribution, etc. | 2023 |
| 300 ## - PHYSICAL DESCRIPTION | |
| Extent | ii,487p. |
| Other physical details | PB |
| Dimensions | 24x17cm |
| 365 ## - TRADE PRICE | |
| Source of price type code | Competitive Exam |
| Price type code | 1201 |
| Price amount | 396.00 |
| Currency code | ₹ |
| Unit of pricing | 495.00 |
| Price note | 20% |
| Price effective from | 25-05-2024 |
| 520 ## - SUMMARY, ETC. | |
| Summary, etc. | 1. Panchayat Raj Act - History of Panchayat Raj, Gram Panchayat, District Panchayat, Taxation - Budget. 2. Land Reforms Act - 11 Chapters, 142 Cases, 03 Schedules, amended upto 2023. 3. Computer Awareness - Basic computer concept, KPSC Group C exam MCQs. 4. General English - Basic English Grammar, Vocabulary. Also includes comparisons, simple examples, 5. 1000+ MCQs as per KPSC Exam Pattern. |
| 650 ## - SUBJECT ADDED ENTRY--TOPICAL TERM | |
| Topical term or geographic name entry element | Competitive Exam |
| 9 (RLIN) | 169128 |
| 650 ## - SUBJECT ADDED ENTRY--TOPICAL TERM | |
| Topical term or geographic name entry element | PDO: ಪಿಡಿಒ |
| 9 (RLIN) | 169129 |
| 650 ## - SUBJECT ADDED ENTRY--TOPICAL TERM | |
| Topical term or geographic name entry element | SDAA: ಎಸ್ ಡಿ ಎ ಎ |
| 9 (RLIN) | 169130 |
| 700 ## - ADDED ENTRY--PERSONAL NAME | |
| Personal name | GOWDA (Rajesh T R) ಗೌಡ (ರಾಜೇಶ್ ಟಿ ಆರ್) |
| 9 (RLIN) | 169131 |
| 942 ## - ADDED ENTRY ELEMENTS (KOHA) | |
| Source of classification or shelving scheme | Dewey Decimal Classification |
| Koha item type | Book |
| Withdrawn status | Lost status | Source of classification or shelving scheme | Damaged status | Not for loan | Collection code | Home library | Current library | Date acquired | Source of acquisition | Cost, normal purchase price | Total Checkouts | Total Renewals | Full call number | Barcode | Date last seen | Date last checked out | Cost, replacement price | Price effective from | Koha item type |
|---|---|---|---|---|---|---|---|---|---|---|---|---|---|---|---|---|---|---|---|
| Dewey Decimal Classification | Others | St Aloysius Library | St Aloysius Library | 06/03/2024 | Biblios Book Point Surathkal Mangalore 575014 | 396.00 | 2 | 1 | 032.02K GOWP | 077221 | 04/01/2025 | 04/01/2025 | 495.00 | 06/03/2024 | Book |